Meranie v prenosovej technike 1 : (Príručka k cvičeniam) /

Salvato in:
Dettagli Bibliografici
Autori principali: Čuchran, Ján, 1936- (Autore), Mikuláš, Ivan (Autore)
Natura: Libro
Lingua:slovacco
Pubblicazione: Bratislava : STU v Bratislave, 1984
Edizione:5.vyd.
Tags: Aggiungi Tag
Nessun Tag, puoi essere il primo ad aggiungerne!!

MARC

LEADER 00000nam a22000003a 4500
001 stu6908
005 20150617225805.8
008 940722s1984----cs------------------slo-d
040 |a STU  |b slo 
041 0 |a slo 
044 |a cs 
100 1 |a Čuchran, Ján,  |d 1936-  |4 aut  |u E070  |U FEI Fakulta elektrotechniky a informatiky  |T FEI Ústav telekomunikácií  |X 2200  |U E070  |Y 818  |7 A000002200 
245 1 |a Meranie v prenosovej technike 1 :  |b (Príručka k cvičeniam) /  |c [aut.] Čuchran,Ján; Mikuláš,Ivan 
250 |a 5.vyd. 
260 |a Bratislava :  |b STU v Bratislave,  |c 1984 
300 |a 163 s 
700 1 |a Mikuláš, Ivan  |4 aut 
996 |b 284EK09164  |c E*55033  |l EE0105  |s P  |a 0  |w stu6908_0005